[Event "TUR-chT 1st League"]
[Site "Konya"]
[Date "2019.07.28"]
[Round "9.11"]
[White "Aydin, Kaan Ayhan"]
[Black "Hajiyev, Shahin Qabil"]
[Result "1-0"]
[WhiteElo "1929"]
[BlackElo "1983"]
[PlyCount "45"]
[EventDate "2019.07.22"]
[EventType "team-swiss"]
[EventRounds "9"]
[EventCountry "TUR"]
[SourceTitle "CBM 191 Extra"]
[Source "ChessBase"]
[SourceDate "2019.09.30"]
[SourceVersion "1"]
[SourceVersionDate "2019.09.30"]
[SourceQuality "1"]
[WhiteTeam "Karaman Saglik"]
[BlackTeam "Kahramanmaras CC"]
[WhiteTeamCountry "TUR"]
[BlackTeamCountry "TUR"]

1. e4 c5 2. Nf3 d6 3. d4 cxd4 4. Nxd4 Nf6 5. Nc3 a6 6. Be3 Ng4 7. Bg5 h6 8. Bh4 g5 9. Bg3 Bg7 10. h3 Ne5 11. f3 Nbc6 12. Bf2 Nxd4 13. Bxd4 Be6 14. h4 Qa5 15. Qd2 0-0-0 16. Qf2 Qb5 17. 0-0-0 Rd7 18. g3 Qa5 19. Be3 Bf6 20. Rd5 b5 21. Nxb5 axb5 22. Rxb5 Qa8 23. Bb6 1-0

[Event "TUR-chT 1st League"]
[Site "Konya"]
[Date "2019.07.27"]
[Round "8.11"]
[White "Javanbakht, Nima"]
[Black "Hajiyev, Shahin Qabil"]
[Result "1-0"]
[WhiteElo "2461"]
[BlackElo "1983"]
[PlyCount "55"]
[EventDate "2019.07.22"]
[EventType "team-swiss"]
[EventRounds "9"]
[EventCountry "TUR"]
[SourceTitle "CBM 191 Extra"]
[Source "ChessBase"]
[SourceDate "2019.09.30"]
[SourceVersion "1"]
[SourceVersionDate "2019.09.30"]
[SourceQuality "1"]
[WhiteTeam "Malatya Yesilyurt"]
[BlackTeam "Kahramanmaras CC"]
[WhiteTeamCountry "TUR"]
[BlackTeamCountry "TUR"]

1. d4 d5 2. c4 c6 3. Nf3 Nf6 4. Nc3 dxc4 5. a4 Na6 6. e4 Bg4 7. Bxc4 e6 8. 0-0 Nb4 9. Be3 Be7 10. h3 Bh5 11. Qe2 a5 12. Rad1 0-0 13. g4 Bg6 14. Ne5 Qc8 15. f4 Bxe4 16. g5 Bc2 17. gxf6 Bxd1 18. Qxd1 Bxf6 19. Ne4 Be7 20. f5 Nd5 21. Bxd5 exd5 22. f6 dxe4 23. fxe7 Re8 24. Rxf7 Qxh3 25. Qe1 Rac8 26. Qf2 h6 27. Rxg7+ Kh8 28. Rh7+ 1-0

[Event "Ordu op 5th"]
[Site "Ordu"]
[Date "2019.04.30"]
[Round "2"]
[White "Hajiyev, Shahin Qabil"]
[Black "Unat, Can Haktan"]
[Result "1/2-1/2"]
[WhiteElo "1972"]
[BlackElo "2110"]
[PlyCount "58"]
[EventDate "2019.04.29"]
[EventType "swiss"]
[EventRounds "9"]
[EventCountry "TUR"]
[SourceTitle "CBM 190 Extra"]
[Source "ChessBase"]
[SourceDate "2019.07.15"]
[SourceVersion "1"]
[SourceVersionDate "2019.07.15"]
[SourceQuality "1"]

1. d4 Nf6 2. c4 g6 3. Nc3 d5 4. cxd5 Nxd5 5. e4 Nxc3 6. bxc3 Bg7 7. Bc4 0-0 8. Ne2 Nc6 9. 0-0 b6 10. Bg5 Bb7 11. Qd2 Qd6 12. Bh6 e5 13. Bxg7 Kxg7 14. Bd5 Na5 15. Bxb7 Nxb7 16. f4 exd4 17. cxd4 f6 18. Qc3 c5 19. Rad1 Rad8 20. d5 Rfe8 21. Ng3 b5 22. h4 c4 23. Qf3 Nc5 24. h5 Nd3 25. Qg4 Qc5+ 26. Kh2 Qc8 27. Nf5+ Kf7 28. hxg6+ hxg6 29. Nh6+ Kg7 1/2-1/2

[Event "Kahramanmaras op 9th"]
[Site "Kahramanmaras"]
[Date "2018.04.07"]
[Round "8"]
[White "Agdelen, Huseyin Can"]
[Black "Hajiyev, Shahin Qabil"]
[Result "0-1"]
[WhiteElo "2300"]
[BlackElo "1881"]
[PlyCount "98"]
[EventDate "2018.04.03"]
[EventType "swiss"]
[EventRounds "9"]
[EventCountry "TUR"]
[SourceTitle "CBM 183 Extra"]
[Source "ChessBase"]
[SourceDate "2018.04.19"]
[SourceVersion "1"]
[SourceVersionDate "2018.04.19"]
[SourceQuality "1"]

1. Nf3 d5 2. g3 c6 3. Bg2 Bg4 4. 0-0 Nd7 5. d4 e6 6. h3 Bh5 7. c4 Ngf6 8. cxd5 exd5 9. Qb3 Qb6 10. Qe3+ Be7 11. Nh4 Bg6 12. Nxg6 hxg6 13. Nc3 Qd8 14. Qd3 0-0 15. Rb1 a5 16. a3 a4 17. Qc2 Qa5 18. Bg5 Rfe8 19. h4 Nb6 20. Rbd1 Nc4 21. e4 dxe4 22. Bxf6 gxf6 23. Bxe4 f5 24. Bg2 Bf6 25. h5 Kg7 26. Ne2 Nb6 27. hxg6 fxg6 28. Nf4 Rad8 29. d5 Nxd5 30. Bxd5 cxd5 31. Rd2 Bg5 32. Rd4 Bxf4 33. Rxa4 Qd2 34. Qb3 Bg5 35. Qxb7+ Re7 36. Qb6 Red7 37. Ra6 Rd6 38. Qb7+ R8d7 39. Qc8 Qe2 40. Rc6 Qe7 41. Rc2 d4 42. Kg2 d3 43. Rc4 d2 44. Rd1 Qe1 45. Rc7 Qe7 46. Rc4 Re6 47. Qb8 Re1 48. Rc8 Qe4+ 49. Kh2 Qh1# 0-1

[Event "Kahramanmaras op 9th"]
[Site "Kahramanmaras"]
[Date "2018.04.07"]
[Round "7"]
[White "Hajiyev, Shahin Qabil"]
[Black "Yasin, Hur"]
[Result "1-0"]
[WhiteElo "1881"]
[BlackElo "1992"]
[PlyCount "79"]
[EventDate "2018.04.03"]
[EventType "swiss"]
[EventRounds "9"]
[EventCountry "TUR"]
[SourceTitle "CBM 183 Extra"]
[Source "ChessBase"]
[SourceDate "2018.04.19"]
[SourceVersion "1"]
[SourceVersionDate "2018.04.19"]
[SourceQuality "1"]

1. d4 Nf6 2. c4 g6 3. Nc3 Bg7 4. e4 d6 5. f3 e5 6. Nge2 Nc6 7. Be3 0-0 8. d5 Ne7 9. g4 h5 10. h3 c6 11. Qd2 cxd5 12. cxd5 Bd7 13. Nc1 a6 14. Bd3 b5 15. N1e2 Nc8 16. Ng3 h4 17. Nf1 Nh7 18. Rg1 g5 19. Bf2 Re8 20. Ne3 Nf8 21. Kf1 Ng6 22. Kg2 Nf4+ 23. Kh2 Nb6 24. Rgc1 Rc8 25. Ne2 Na4 26. Rxc8 Bxc8 27. Nc3 Qa5 28. Bf1 Re7 29. Be1 Nc5 30. Qc2 Qb6 31. Qd2 Rc7 32. b4 Nd7 33. a4 bxa4 34. Nxa4 Qd4 35. Rc1 Rxc1 36. Qxc1 Bb7 37. Nf5 Qa7 38. Qc7 Bf8 39. Qxd7 Qb8 40. Nb6 1-0

[Event "Kahramanmaras op 9th"]
[Site "Kahramanmaras"]
[Date "2018.04.03"]
[Round "1"]
[White "Hajiyev, Shahin Qabil"]
[Black "Bashirli, Nail Qoshqar"]
[Result "0-1"]
[WhiteElo "1881"]
[BlackElo "2380"]
[PlyCount "134"]
[EventDate "2018.04.03"]
[EventType "swiss"]
[EventRounds "9"]
[EventCountry "TUR"]
[SourceTitle "CBM 183 Extra"]
[Source "ChessBase"]
[SourceDate "2018.04.19"]
[SourceVersion "1"]
[SourceVersionDate "2018.04.19"]
[SourceQuality "1"]

1. d4 Nf6 2. c4 e6 3. Nc3 Bb4 4. Qc2 b6 5. Bg5 Bb7 6. e3 h6 7. Bh4 d6 8. f3 Nbd7 9. Nge2 d5 10. cxd5 exd5 11. a3 Be7 12. Bf2 c5 13. Ng3 0-0 14. Be2 Re8 15. 0-0 Nf8 16. Nf5 Ne6 17. Bb5 Rf8 18. Rfe1 a6 19. Bf1 Re8 20. Nxe7+ Qxe7 21. Rad1 Rac8 22. Qf5 g6 23. Qb1 Qf8 24. Bg3 b5 25. Bf2 c4 26. e4 dxe4 27. fxe4 Ng5 28. d5 Ng4 29. Qc2 Qd6 30. Bg3 Qc5+ 31. Bf2 Qc7 32. Bg3 Qc5+ 33. Bf2 Qd6 34. Bg3 Ne5 35. Qf2 f6 36. h4 Ngf7 37. Ne2 Ng4 38. Qd4 Nfe5 39. Nf4 g5 40. hxg5 hxg5 41. Nh5 Kf7 42. Be2 Qc5 43. Bxe5 Nxe5 44. Rf1 Nd7 45. Bg4 Rxe4 46. Qxc5 Nxc5 47. Bxc8 Bxc8 48. Nxf6 Rf4 49. Nh5 Rxf1+ 50. Rxf1+ Ke7 51. Rf6 Bg4 52. Rc6 Nd3 53. Nf6 Bf5 54. g4 Bd7 55. Nxd7 Kxd7 56. Rxa6 Nxb2 57. Rb6 c3 58. Rxb5 Nd3 59. Rb3 c2 60. Rc3 c1Q+ 61. Rxc1 Nxc1 62. Kf2 Kd6 63. Ke3 Kxd5 64. Kd2 Nb3+ 65. Kc3 Nd4 66. Kd3 Nc6 67. a4 Ne5+ 0-1

[Event "TUR-chT 1st League"]
[Site "Konya"]
[Date "2017.07.20"]
[Round "6.8"]
[White "Molla, Ersen"]
[Black "Hajiyev, Shahin Qabil"]
[Result "1/2-1/2"]
[WhiteElo "1847"]
[BlackElo "2008"]
[PlyCount "134"]
[EventDate "2017.07.17"]
[EventType "team-swiss"]
[EventRounds "9"]
[EventCountry "TUR"]
[SourceTitle "CBM 179 Extra"]
[Source "ChessBase"]
[SourceDate "2017.08.23"]
[SourceVersion "1"]
[SourceVersionDate "2017.08.23"]
[SourceQuality "1"]
[WhiteTeam "Karsiyaka Ihtisas"]
[BlackTeam "Kahramanmaras CC"]
[WhiteTeamCountry "TUR"]
[BlackTeamCountry "TUR"]

1. d4 d5 2. Nc3 Bf5 3. Bg5 c6 4. Nf3 h6 5. Bf4 e6 6. e3 Nf6 7. Bd3 Bxd3 8. Qxd3 Qa5 9. 0-0 Nbd7 10. e4 dxe4 11. Nxe4 Nxe4 12. Qxe4 Nf6 13. Qe2 Be7 14. c3 Qf5 15. Be5 0-0 16. Rfe1 Rfd8 17. a4 Nd7 18. Bc7 Rdc8 19. Bg3 Bd8 20. a5 a6 21. Qc4 Bc7 22. Qb4 Bxg3 23. hxg3 Rab8 24. Ne5 Nxe5 25. Rxe5 Qf6 26. Rae1 Rd8 27. Qb6 Rd7 28. g4 Rc8 29. Qb3 Rcc7 30. Qb6 Qd8 31. Ra1 Rd6 32. Qc5 Rcd7 33. Qb4 Qc7 34. g5 hxg5 35. Rxg5 Rd5 36. Rxd5 Rxd5 37. g3 Rb5 38. Qa3 Rh5 39. c4 Qd8 40. Qf3 Rf5 41. Qe4 Rxa5 42. Rxa5 Qxa5 43. Qh4 g6 44. Qf4 Kg7 45. Kg2 Qf5 46. Qe3 b5 47. b3 Kf6 48. Qh6 Qe4+ 49. Kh2 Ke7 50. Qg5+ Kd7 51. Qc5 Qf3 52. Qa7+ Ke8 53. Qb8+ Ke7 54. Qc7+ Kf8 55. Qb8+ Kg7 56. Qe5+ Kh7 57. Kg1 Qd1+ 58. Kg2 Qxb3 59. Qf4 Kg7 60. Qe5+ f6 61. Qc7+ Kh6 62. Qf4+ Kh7 63. Qc7+ Kh6 64. Qf4+ Kh7 65. Qc7+ Kg8 66. Qd8+ Kg7 67. Qc7+ Kh6 1/2-1/2

[Event "TUR-chT 1st League"]
[Site "Konya"]
[Date "2017.07.17"]
[Round "1.5"]
[White "Hajiyev, Shahin Qabil"]
[Black "Mollaoglu, Ergin"]
[Result "1-0"]
[WhiteElo "2008"]
[BlackElo "2322"]
[PlyCount "117"]
[EventDate "2017.07.17"]
[EventType "team-swiss"]
[EventRounds "9"]
[EventCountry "TUR"]
[SourceTitle "CBM 179 Extra"]
[Source "ChessBase"]
[SourceDate "2017.08.23"]
[SourceVersion "1"]
[SourceVersionDate "2017.08.23"]
[SourceQuality "1"]
[WhiteTeam "Kahramanmaras CC"]
[BlackTeam "Biltis Tatvan"]
[WhiteTeamCountry "TUR"]
[BlackTeamCountry "TUR"]

1. d4 Nf6 2. c4 d6 3. Nc3 e5 4. Nf3 Nc6 5. g3 Be7 6. Bg2 0-0 7. 0-0 h6 8. b3 Bf5 9. Bb2 e4 10. Ne1 Qd7 11. Nc2 Bh3 12. Ne3 Rae8 13. d5 Ne5 14. Qd4 Bxg2 15. Kxg2 Nh5 16. Nxe4 f5 17. f4 Ng6 18. Nc3 Bf6 19. Qd3 Bxc3 20. Bxc3 Re4 21. Kg1 Rfe8 22. Ng2 Rxe2 23. Rf2 Rxf2 24. Kxf2 Qf7 25. Re1 Rxe1 26. Kxe1 Ne7 27. Ne3 b6 28. Nc2 Nf6 29. Bxf6 Qxf6 30. Qd4 Qg6 31. Qe3 Kf7 32. Nd4 Qh5 33. Qe6+ Kf8 34. Qe2 Qxe2+ 35. Kxe2 Kf7 36. Nb5 c6 37. Nxd6+ Kf6 38. Ne8+ Kf7 39. Nc7 cxd5 40. cxd5 Nc8 41. Kd3 Nd6 42. Kd4 Ne4 43. Ke5 g6 44. Nb5 Ke7 45. Nxa7 Nf2 46. Nc8+ Kf7 47. Kd6 g5 48. Kc7 gxf4 49. gxf4 Ne4 50. d6 Nc5 51. Nxb6 Ne6+ 52. Kc8 Nxf4 53. d7 Ne6 54. d8Q Nxd8 55. Kxd8 f4 56. Nd5 f3 57. Ne3 f2 58. a4 Ke6 59. Kc7 1-0

[Event "TUR Cup"]
[Site "Antalya"]
[Date "2017.02.04"]
[Round "11"]
[White "Hajiyev, Shahin Qabil"]
[Black "Tasdogen, Dincer"]
[Result "1-0"]
[WhiteElo "2021"]
[BlackElo "2122"]
[PlyCount "75"]
[EventDate "2017.01.28"]
[EventType "swiss"]
[EventRounds "11"]
[EventCountry "TUR"]
[SourceTitle "CBM 176 Extra"]
[Source "ChessBase"]
[SourceDate "2017.03.02"]
[SourceVersion "1"]
[SourceVersionDate "2017.03.02"]
[SourceQuality "1"]

1. d4 Nf6 2. c4 e6 3. Nc3 Bb4 4. e3 c5 5. Nge2 cxd4 6. exd4 0-0 7. a3 Be7 8. g3 d6 9. Bg2 Nbd7 10. 0-0 a6 11. b4 e5 12. Bb2 Rb8 13. c5 dxc5 14. dxc5 Re8 15. Qc2 Qc7 16. Rac1 Nf8 17. Na4 Ng6 18. Nb6 Be6 19. Nc3 Bf8 20. Rfd1 Bg4 21. Rd2 Qe7 22. h3 Be6 23. Rcd1 Nh5 24. Nd7 Rbd8 25. Nxf8 Rxd2 26. Qxd2 Rxf8 27. Nd5 Qd7 28. Qg5 Qa4 29. Qxh5 Qb3 30. Qe2 f5 31. Rd2 f4 32. Qd1 Qc4 33. Nb6 Qa2 34. Nd7 Rf7 35. Nxe5 Nxe5 36. Bxe5 Qxa3 37. Rd8+ Rf8 38. Bd5 1-0

[Event "TUR Cup"]
[Site "Antalya"]
[Date "2017.01.30"]
[Round "4"]
[White "Agdelen, Huseyin Can"]
[Black "Hajiyev, Shahin Qabil"]
[Result "1/2-1/2"]
[WhiteElo "2354"]
[BlackElo "2021"]
[PlyCount "105"]
[EventDate "2017.01.28"]
[EventType "swiss"]
[EventRounds "11"]
[EventCountry "TUR"]
[SourceTitle "CBM 176 Extra"]
[Source "ChessBase"]
[SourceDate "2017.03.02"]
[SourceVersion "1"]
[SourceVersionDate "2017.03.02"]
[SourceQuality "1"]

1. e4 e5 2. Nf3 Nc6 3. Bb5 a6 4. Ba4 Nf6 5. 0-0 Nxe4 6. d4 b5 7. Bb3 d5 8. dxe5 Be6 9. Nbd2 Bc5 10. Qe2 Nxd2 11. Bxd2 Nd4 12. Nxd4 Bxd4 13. c3 Bc5 14. a4 c6 15. axb5 axb5 16. Be3 Be7 17. Rxa8 Qxa8 18. Bc2 Qc8 19. Qd3 g6 20. Bh6 Qa6 21. Qe3 Kd7 22. Bg5 Qa2 23. Bxe7 Kxe7 24. Qc5+ Ke8 25. Qxc6+ Kf8 26. Qxb5 Kg7 27. Bd3 Ra8 28. h3 h5 29. Kh2 Qa7 30. Qb4 Rb8 31. Qh4 Rxb2 32. Qf6+ Kh7 33. Bxg6+ fxg6 34. Qxe6 Rxf2 35. Rxf2 Qxf2 36. Qd7+ Kh6 37. Qxd5 Qf4+ 38. g3 Qf2+ 39. Qg2 Qe3 40. Qf1 Qd2+ 41. Kg1 Qxc3 42. Qf4+ Kh7 43. h4 Qe1+ 44. Kh2 Qe2+ 45. Kh3 Qe1 46. g4 Qh1+ 47. Kg3 Qg1+ 48. Kf3 Qf1+ 49. Kg3 Qg1+ 50. Kf3 Qf1+ 51. Ke4 Qc4+ 52. Ke3 Qc1+ 53. Ke4 1/2-1/2

[Event "Ankara Baskent Univ op 2nd"]
[Site "Ankara"]
[Date "2017.??.??"]
[Round "7"]
[White "Guseynov, Alihan"]
[Black "Hajiyev, Shahin Qabil"]
[Result "1-0"]
[WhiteElo "2346"]
[BlackElo "1705"]
[PlyCount "121"]
[EventDate "2017.06.30"]
[EventType "swiss"]
[EventRounds "9"]
[EventCountry "TUR"]
[SourceTitle "CBM 179 Extra"]
[Source "ChessBase"]
[SourceDate "2017.08.23"]
[SourceVersion "1"]
[SourceVersionDate "2017.08.23"]
[SourceQuality "1"]

1. c4 e6 2. Nf3 d5 3. g3 Nf6 4. Bg2 Be7 5. 0-0 0-0 6. d4 dxc4 7. Qc2 a6 8. a4 Nc6 9. Qxc4 Rb8 10. Nc3 Nd5 11. Nxd5 exd5 12. Qc3 Bb4 13. Qb3 a5 14. Be3 Ne7 15. Bf4 Ra8 16. Ne5 c6 17. Nd3 Ng6 18. Be3 Bd6 19. Rac1 Ne7 20. Bf4 Bxf4 21. Nxf4 Nf5 22. e3 Nd6 23. Nd3 Re8 24. Nc5 Rb8 25. Rfe1 Bf5 26. Nd3 Ra8 27. Nc5 Rb8 28. Qc3 Qb6 29. b3 Ne4 30. Qb2 Qb4 31. Nd3 Qd6 32. Red1 Ra8 33. Nc5 Ra7 34. b4 axb4 35. Qxb4 Nxc5 36. Rxc5 h6 37. a5 Rea8 38. Bxd5 Qf8 39. Bf3 Rxa5 40. Qxb7 Rxc5 41. dxc5 Rb8 42. Qc7 Rc8 43. Qd6 Qe8 44. Rd4 Bc2 45. Kg2 Bf5 46. Rb4 Bc2 47. h4 Bf5 48. Rd4 Bc2 49. Qf4 Bb3 50. Rd6 Be6 51. Qd4 Kf8 52. Qa4 Bd7 53. Qf4 Kg8 54. g4 Qe7 55. Qd4 Be8 56. Kg3 Kf8 57. Rxh6 Qc7+ 58. Qd6+ Qxd6+ 59. Rxd6 Ke7 60. Be4 Bd7 61. Rxd7+ 1-0

[Event "Ankara Baskent Univ op 2nd"]
[Site "Ankara"]
[Date "2017.??.??"]
[Round "9"]
[White "Yilmaz, Goktan"]
[Black "Hajiyev, Shahin Qabil"]
[Result "1-0"]
[WhiteElo "2172"]
[BlackElo "1705"]
[PlyCount "63"]
[EventDate "2017.06.30"]
[EventType "swiss"]
[EventRounds "9"]
[EventCountry "TUR"]
[SourceTitle "CBM 179 Extra"]
[Source "ChessBase"]
[SourceDate "2017.08.23"]
[SourceVersion "1"]
[SourceVersionDate "2017.08.23"]
[SourceQuality "1"]

1. e4 c5 2. Nf3 d6 3. d4 cxd4 4. Nxd4 Nf6 5. Nc3 a6 6. Be3 Ng4 7. Bg5 h6 8. Bh4 g5 9. Bg3 Bg7 10. Be2 h5 11. Nf5 Bxf5 12. exf5 Qa5 13. 0-0 Nf6 14. Re1 Kf8 15. Bf3 Nbd7 16. Bxb7 Rb8 17. Bc6 Qc7 18. Bxd7 Qxd7 19. h3 Rxb2 20. Qd3 Qc6 21. Rab1 Rxb1 22. Rxb1 h4 23. Bh2 Nd7 24. Nd5 Be5 25. Bxe5 Nxe5 26. Qd2 f6 27. Rb6 Qa4 28. Nxe7 Nc4 29. Ng6+ Kg7 30. Rb7+ Kh6 31. Qe2 Ne5 32. Nxh8 1-0

[Event "Mersin op 1st"]
[Site "Mersin"]
[Date "2016.10.29"]
[Round "9"]
[White "Grigoriev, A."]
[Black "Hajiyev, Shahin Qabil"]
[Result "1-0"]
[WhiteElo "2171"]
[BlackElo "2007"]
[PlyCount "75"]
[EventDate "2016.10.23"]
[EventType "swiss"]
[EventRounds "9"]
[EventCountry "TUR"]
[SourceTitle "EXT 2018"]
[Source "ChessBase"]
[SourceDate "2017.10.13"]
[SourceVersion "1"]
[SourceVersionDate "2017.10.13"]
[SourceQuality "1"]

1. e4 c5 2. Nf3 d6 3. c3 Nf6 4. Be2 Nc6 5. Qc2 e6 6. 0-0 Be7 7. d4 0-0 8. Be3 b6 9. Rd1 Qc7 10. d5 exd5 11. exd5 Ne5 12. Nxe5 dxe5 13. Bf3 Rb8 14. h3 Ne8 15. Na3 Nd6 16. Be2 b5 17. Rf1 f5 18. f4 e4 19. Qd2 a6 20. Rac1 Bd7 21. b4 Nb7 22. c4 cxb4 23. cxb5 Nc5 24. Nc4 Nd3 25. Bxd3 exd3 26. d6 Bxd6 27. Nxd6 Qxd6 28. Bc5 Qd5 29. Bxf8 Rxf8 30. bxa6 Ra8 31. Qxb4 Rxa6 32. Qb3 Be6 33. Rc8+ Kf7 34. Rc7+ Kg6 35. Qc3 Bf7 36. Rf3 d2 37. Rg3+ Kh5 38. Rg5+ 1-0

[Event "Mersin op 1st"]
[Site "Mersin"]
[Date "2016.10.24"]
[Round "3"]
[White "Hajiyev, Shahin Qabil"]
[Black "Gozubuyukoglu, Selami"]
[Result "1-0"]
[WhiteElo "2007"]
[BlackElo "1793"]
[PlyCount "69"]
[EventDate "2016.10.23"]
[EventType "swiss"]
[EventRounds "9"]
[EventCountry "TUR"]
[SourceTitle "EXT 2018"]
[Source "ChessBase"]
[SourceDate "2017.10.13"]
[SourceVersion "1"]
[SourceVersionDate "2017.10.13"]
[SourceQuality "1"]

1. d4 Nf6 2. c4 e6 3. Nc3 Bb4 4. Qc2 d5 5. cxd5 exd5 6. Bg5 h6 7. Bh4 g5 8. Bg3 Ne4 9. e3 c5 10. Bd3 Bf5 11. dxc5 Qa5 12. Nge2 Qxc5 13. Be5 0-0 14. a3 Bxc3+ 15. Bxc3 Bg6 16. Ng3 Re8 17. 0-0 Nc6 18. Rac1 Qb6 19. Nxe4 dxe4 20. Be2 Rac8 21. Qa4 a6 22. Rfd1 Red8 23. Bf6 Rxd1+ 24. Qxd1 Qc7 25. Qd5 Kh7 26. h4 gxh4 27. Bg4 Rg8 28. Bf5 h3 29. g3 Bxf5 30. Qxf5+ Rg6 31. Rd1 Qa5 32. Qxe4 h2+ 33. Kh1 Qh5 34. Rd7 Ne5 35. Bxe5 1-0

[Event "Mersin op 1st"]
[Site "Mersin"]
[Date "2016.10.23"]
[Round "1"]
[White "Hajiyev, Shahin Qabil"]
[Black "Drazic, Sinisa"]
[Result "0-1"]
[WhiteElo "2007"]
[BlackElo "2430"]
[PlyCount "74"]
[EventDate "2016.10.23"]
[EventType "swiss"]
[EventRounds "9"]
[EventCountry "TUR"]
[SourceTitle "EXT 2018"]
[Source "ChessBase"]
[SourceDate "2017.10.13"]
[SourceVersion "1"]
[SourceVersionDate "2017.10.13"]
[SourceQuality "1"]

1. d4 Nf6 2. c4 g6 3. Nc3 Bg7 4. e4 d6 5. f3 0-0 6. Be3 c5 7. dxc5 dxc5 8. Qxd8 Rxd8 9. Bxc5 Nc6 10. Nge2 b6 11. Ba3 Ba6 12. Nb5 Rd7 13. Nec3 Rad8 14. Be2 Bb7 15. Nd5 e6 16. Nxf6+ Bxf6 17. Rd1 Rxd1+ 18. Bxd1 Ba6 19. Rf1 Na5 20. Be2 g5 21. Rf2 Bxb5 22. cxb5 Bd4 23. Rf1 Rd7 24. f4 g4 25. f5 e5 26. f6 Rc7 27. Rf5 h6 28. Rh5 Rc1+ 29. Kd2 Rg1 30. Rxh6 Rxg2 31. Bf8 g3 32. hxg3 Rxg3 33. Rh2 Kxf8 34. Rh8+ Rg8 35. Rh7 Nb7 36. Bh5 Nd6 37. Kd3 Bxb2 0-1

[Event "Malatya Golden Apricot op 4th"]
[Site "Malatya"]
[Date "2016.08.25"]
[Round "7"]
[White "Hajiyev, Shahin Qabil"]
[Black "Hasanzade, Toghrul Qasim Oglu"]
[Result "0-1"]
[WhiteElo "1975"]
[BlackElo "2308"]
[PlyCount "118"]
[EventDate "2016.08.21"]
[EventType "swiss"]
[EventRounds "9"]
[EventCountry "TUR"]
[SourceTitle "CBM 174 Extra"]
[Source "ChessBase"]
[SourceDate "2016.10.10"]
[SourceVersion "1"]
[SourceVersionDate "2016.10.10"]
[SourceQuality "1"]

1. d4 d5 2. c4 c6 3. Nf3 Nf6 4. cxd5 cxd5 5. Nc3 Nc6 6. Bf4 a6 7. e3 Bg4 8. Be2 e6 9. 0-0 Bd6 10. Bxd6 Qxd6 11. Qb3 0-0 12. Rfc1 b5 13. Qd1 Rfc8 14. Ne1 Bxe2 15. Nxe2 a5 16. Nd3 a4 17. Rc2 Nb4 18. Nxb4 Qxb4 19. Rac1 Rc4 20. Nf4 Rac8 21. Nd3 Qa5 22. Kf1 Nd7 23. b3 axb3 24. axb3 Rc3 25. Nc5 b4 26. Na4 Qa6+ 27. Kg1 R3c6 28. h3 h6 29. Qd2 Rxc2 30. Rxc2 Rxc2 31. Qxc2 Nf6 32. f3 g5 33. Kf2 h5 34. Qd2 Qd6 35. e4 Qf4 36. Qxf4 gxf4 37. e5 Nd7 38. Ke2 Nb8 39. h4 Nc6 40. Kd3 Ne7 41. Nc5 Nf5 42. Na6 Nxh4 43. Nxb4 Nxg2 44. Ke2 h4 45. Kf2 Ne3 46. Nd3 h3 47. Kg1 Nf5 48. b4 Nxd4 49. Kh2 Nxf3+ 50. Kxh3 Nd4 51. Nxf4 Kf8 52. Kg4 Ke7 53. Nd3 f6 54. exf6+ Kxf6 55. Kf4 e5+ 56. Nxe5 Ne6+ 57. Ke3 Kxe5 58. b5 Nc5 59. b6 d4+ 0-1

[Event "Kesan op 14th"]
[Site "Kesan"]
[Date "2016.08.15"]
[Round "3"]
[White "Guseynov, Alihan"]
[Black "Hajiyev, Shahin Qabil"]
[Result "1-0"]
[WhiteElo "2298"]
[BlackElo "1975"]
[PlyCount "91"]
[EventDate "2016.08.14"]
[EventType "swiss"]
[EventRounds "9"]
[EventCountry "TUR"]
[SourceTitle "CBM 173 Extra"]
[Source "ChessBase"]
[SourceDate "2016.08.29"]
[SourceVersion "1"]
[SourceVersionDate "2016.08.29"]
[SourceQuality "1"]

1. d4 d5 2. c4 c6 3. Nf3 Nf6 4. e3 e6 5. b3 Nbd7 6. Bd3 Be7 7. Bb2 b6 8. 0-0 0-0 9. Nc3 Bb7 10. Qe2 Rc8 11. Rfd1 Qc7 12. Rac1 Qb8 13. e4 Rfd8 14. cxd5 cxd5 15. e5 Ne8 16. h4 Nf8 17. h5 Bc6 18. Ba6 Bb7 19. Bd3 Bc6 20. Rc2 Nc7 21. h6 g6 22. Bc1 Ne8 23. Bg5 Rd7 24. Bxe7 Rxe7 25. Rdc1 Bb7 26. Nh2 Rec7 27. Ng4 Nd7 28. a4 Kf8 29. g3 Kg8 30. Kh2 Kf8 31. Kh3 Kg8 32. f4 Nf8 33. Bb5 Bc6 34. Bxc6 Rxc6 35. Nxd5 Rxc2 36. Ndf6+ Nxf6 37. Nxf6+ Kh8 38. Rxc2 Qb7 39. Rxc8 Qxc8 40. Qc4 Qb7 41. Kh2 g5 42. d5 gxf4 43. gxf4 exd5 44. Qxd5 Qc7 45. Qg2 Ng6 46. Qa8+ 1-0

[Event "Corum op"]
[Site "Corum"]
[Date "2016.05.24"]
[Round "2"]
[White "Hajiyev, Shahin Qabil"]
[Black "Morchiashvili, Bachana"]
[Result "0-1"]
[WhiteElo "1994"]
[BlackElo "2347"]
[PlyCount "100"]
[EventDate "2016.05.23"]
[EventType "swiss"]
[EventRounds "9"]
[EventCountry "TUR"]
[SourceTitle "CBM 172 Extra"]
[Source "ChessBase"]
[SourceDate "2016.06.21"]
[SourceVersion "1"]
[SourceVersionDate "2016.06.21"]
[SourceQuality "1"]

1. d4 Nf6 2. c4 g6 3. Nc3 Bg7 4. e4 0-0 5. Be3 d6 6. f3 a6 7. Bd3 c5 8. Nge2 Nc6 9. Qd2 Ng4 10. fxg4 cxd4 11. Nxd4 Bxd4 12. Bxd4 Nxd4 13. h3 Be6 14. 0-0 Nc6 15. Qe3 Ne5 16. b3 Qa5 17. Rfc1 Rfc8 18. Bf1 Rab8 19. a3 Qc5 20. Qxc5 Rxc5 21. a4 Kf8 22. Kf2 h6 23. Be2 Rbc8 24. Ke3 Nd7 25. Bd3 Re5 26. Kd2 Kg7 27. Rf1 Nc5 28. Bc2 Rh8 29. Rae1 a5 30. Nb5 h5 31. gxh5 Rhxh5 32. Nd4 Reg5 33. Rf2 Rg3 34. Re3 Rxe3 35. Kxe3 Bd7 36. Nf3 Bc6 37. h4 Bd7 38. g3 Bg4 39. Rd2 Bxf3 40. Kxf3 f6 41. Rd5 Rh8 42. Bd1 Ra8 43. Ke3 Ra6 44. Rd2 Rb6 45. Rb2 Nxa4 46. Ra2 Nc3 47. Rxa5 Nxd1+ 48. Ke2 Rxb3 49. Kxd1 Rxg3 50. Rb5 Rg4 0-1

[Event "Kahramanmaras op 7th"]
[Site "Kahramanmaras"]
[Date "2016.04.07"]
[Round "5.8"]
[White "Hajiyev, Shahin Qabil"]
[Black "Yasin, Hur"]
[Result "0-1"]
[WhiteElo "1966"]
[BlackElo "2169"]
[PlyCount "110"]
[EventDate "2016.04.04"]
[EventType "swiss"]
[EventRounds "9"]
[EventCountry "TUR"]
[SourceTitle "EXT 2018"]
[Source "ChessBase"]
[SourceDate "2017.10.13"]
[SourceVersion "1"]
[SourceVersionDate "2017.10.13"]
[SourceQuality "1"]

1. d4 Nf6 2. c4 g6 3. Nc3 d5 4. cxd5 Nxd5 5. e4 Nxc3 6. bxc3 Bg7 7. Bc4 c5 8. Ne2 Nc6 9. Be3 cxd4 10. cxd4 Qa5+ 11. Bd2 Qa3 12. Rb1 a5 13. d5 Ne5 14. Bb5+ Bd7 15. Bxd7+ Nxd7 16. 0-0 Qxa2 17. Rxb7 Nc5 18. Qc1 Nxb7 19. Qc6+ Kf8 20. Qxb7 Re8 21. Rd1 Qc2 22. Qb1 Rc8 23. Rc1 Qxb1 24. Rxb1 a4 25. Rb7 f5 26. Bb4 Bf6 27. e5 Bxe5 28. Rxe7 Rb8 29. Rb7+ Ke8 30. Rxb8+ Bxb8 31. Nc3 Kf7 32. Nxa4 Rd8 33. Nc3 Be5 34. g3 Bxc3 35. Bxc3 g5 36. Kg2 Rxd5 37. h3 h5 38. Bb2 Kg6 39. Bc1 Rd4 40. Kf3 h4 41. gxh4 Rxh4 42. Kg3 Rc4 43. Bb2 Rb4 44. Be5 Rb3+ 45. Kg2 f4 46. Bd6 Rd3 47. Bc7 Kh5 48. Bb6 Kh4 49. Bc5 Rxh3 50. f3 Rg3+ 51. Kf2 Kh3 52. Be7 Rg2+ 53. Kf1 Kg3 54. Bxg5 Kxf3 55. Bxf4 Rb2 0-1